[Event "POLFINAL MISTRZOSTW POLSKI JUNIOROW 2019 - D13"]
[Site "Ustron"]
[Date "1899-12-30"]
[Round "5.6"]
[White "Kucharska, Helena"]
[Black "Dallemura, Anna"]
[Result "1-0"]
[WhiteTitle "I"]
[BlackTitle "I"]
[WhiteElo "1630"]
[BlackElo "1328"]

1. e4 e5 2. Nf3 Nc6 3. d4 exd4 4. Nxd4 Bc5 5. Nb3 Bb6 6. Nc3 d6 7. Qe2 Be6 8. Be3
Qe7 9. O-O-O O-O-O 10. g3 Bxe3+ 11. Qxe3 Kb8 12. Bg2 Nh6 13. h3 f6 14. Rhe1 Rhe8
15. f4 Nf7 16. Qf2 Qf8 17. Nd4 Nxd4 18. Rxd4 g5 19. Ra4 a6 20. Ra3 Qg7 21. f5
Bd7 22. Bf1 Bc6 23. Rb3 Ka8 24. Nd5 Bxd5 25. exd5 Ne5 26. Qd2 Qd7 27. Qb4 Qc8
28. g4 Nd7 29. Ra3 Nc5 30. Re6 Nxe6 31. dxe6 Re7 32. Qd4 Rf8 33. Bg2 Qd8 34. Rxa6+
Kb8 35. Qa7+ Kc8 36. Qxb7# 1-0

[Event "POLFINAL MISTRZOSTW POLSKI JUNIOROW 2019 - D13"]
[Site "Ustron"]
[Date "1899-12-30"]
[Round "5.7"]
[White "Lajdamik, Anna"]
[Black "Gac-mytych, Sara"]
[Result "1-0"]
[WhiteTitle "I"]
[BlackTitle "II"]
[WhiteElo "1356"]
[BlackElo "1069"]

1. e4 e5 2. d4 exd4 3. c3 d5 4. exd5 Qxd5 5. cxd4 Nc6 6. Nf3 Bg4 7. Be2 O-O-O 8.
Nc3 Qd7 9. d5 Nb4 10. h3 Bxf3 11. Bxf3 Re8+ 12. Be3 Bc5 13. O-O Be7 14. a3 Na6
15. b4 Kb8 16. Qd4 c5 17. dxc6 Qxd4 18. Bxd4 Nf6 19. cxb7 Rd8 20. Nb5 Nc5 21.
bxc5 Nd7 22. c6 Bd6 23. Bxa7# 1-0

[Event "POLFINAL MISTRZOSTW POLSKI JUNIOROW 2019 - D13"]
[Site "Ustron"]
[Date "1899-12-30"]
[Round "5.8"]
[White "Labedz, Gabriela"]
[Black "Kokot, Agnieszka"]
[Result "1-0"]
[WhiteTitle "I"]
[BlackTitle "II+"]
[WhiteElo "1226"]
[BlackElo "1177"]

1. e4 c5 2. Nf3 d6 3. d4 cxd4 4. Nxd4 Nf6 5. Nc3 a6 6. Bg5 e6 7. f4 Nbd7 8. Qf3
Qc7 9. g4 Be7 10. O-O-O b5 11. Bxf6 Bxf6 12. Bxb5 Bxd4 13. Bxd7+ Bxd7 14. Rxd4
Rb8 15. Rhd1 Rb6 16. e5 d5 17. Re1 Qc5 18. Rd2 O-O 19. f5 Bc6 20. Qd3 Rfb8 21.
b3 Qa3+ 22. Kd1 a5 23. Ke2 a4 24. Kf2 Qc5+ 25. Qd4 Qa5 26. Kg3 Rb4 27. Qe3 Rd8
28. Rd4 Qc5 29. Red1 Qa5 30. Rxb4 Qxb4 31. Qd4 Qxd4 32. Rxd4 axb3 33. axb3 Rb8
34. Kf4 Rb7 35. Na4 Rb5 36. h4 h6 37. g5 hxg5+ 38. hxg5 Bd7 39. f6 g6 40. c4 Rb4
41. Nc5 Bc6 42. Ke3 Rb8 43. Kd2 Rb6 44. Kc3 dxc4 45. Rxc4 Bd5 46. Rb4 Rc6 47.
Kd4 Rc8 48. Nd7 Kh7 49. Rb6 Rc1 50. Rb8 Rg1 51. Nf8+ Kg8 52. Nxg6+ Kh7 53. Nf8+
Kh8 54. Nxe6+ Kh7 55. Nf8+ Kh8 56. Kxd5 1-0

[Event "POLFINAL MISTRZOSTW POLSKI JUNIOROW 2019 - D13"]
[Site "Ustron"]
[Date "1899-12-30"]
[Round "5.9"]
[White "Rojek, Paulina"]
[Black "Pietrzak, Emilia"]
[Result "1-0"]
[WhiteTitle "I"]
[BlackTitle "I"]
[WhiteElo "1092"]
[BlackElo "1224"]

1. e4 c5 2. Nf3 e6 3. d4 cxd4 4. Nxd4 Nf6 5. Bd3 d6 6. c4 Be7 7. Nc3 O-O 8. O-O
Nc6 9. Be3 Nxd4 10. Bxd4 b6 11. f3 Bb7 12. Rc1 Qc7 13. b3 Rac8 14. Kh1 Rfd8 15.
Re1 Qb8 16. Qd2 h6 17. Qf2 Nh5 18. Bb1 Bf6 19. Bxf6 Nxf6 20. Rcd1 Rd7 21. Rd2
d5 22. exd5 exd5 23. Bf5 d4 24. Nb5 Rdd8 25. Bxc8 Rxc8 26. Rxd4 a6 27. Nd6 Rc7
28. Nxb7 Qxb7 29. Red1 Re7 30. Rd6 b5 31. cxb5 Qxb5 32. Qf1 Qe5 33. Rxa6 g6 34.
a4 Nh5 35. Qf2 Nf4 36. Ra8+ Kh7 37. Rad8 Ne2 38. b4 Nc3 39. Qd4 Qxd4 40. R8xd4
Nxd1 41. Rxd1 Kg7 42. h3 Kf6 43. b5 Rb7 44. Rb1 Ke6 45. a5 Kd6 46. a6 Rb8 47.
a7 Ra8 48. b6 Kc6 49. b7 Rxa7 50. b8=Q Re7 51. Rd1 Re6 52. Qc8+ Kb5 53. Rb1+ Ka5
54. Qa8+ Ra6 55. Qd5+ Ka4 56. Qa2# 1-0

[Event "POLFINAL MISTRZOSTW POLSKI JUNIOROW 2019 - D13"]
[Site "Ustron"]
[Date "1899-12-30"]
[Round "5.11"]
[White "Pieczewska, Jadwiga"]
[Black "Para, Aleksandra"]
[Result "1/2-1/2"]
[WhiteTitle "II"]
[BlackTitle "II+"]
[WhiteElo "1073"]
[BlackElo "1186"]

1. c4 e5 2. Nc3 f5 3. d4 Nc6 4. e3 Bb4 5. Nge2 Nf6 6. Bd2 Bxc3 7. Bxc3 exd4 8.
Nxd4 Nxd4 9. Bxd4 O-O 10. g3 d6 11. Bg2 c6 12. O-O Be6 13. b3 Qc7 14. Rc1 Rad8
15. Qe2 d5 16. cxd5 Bxd5 17. Rfd1 Bxg2 18. Kxg2 a6 19. Rd3 Nd5 20. a3 Rfe8 21.
Qf3 Qf7 22. Rcd1 Rc8 23. b4 Qg6 24. h4 Re4 25. Kh2 Rg4 26. Be5 Qh5 27. Qg2 Re8
28. Bf4 h6 29. f3 Rg6 30. Qf2 Rge6 31. Re1 Qg6 1/2-1/2

[Event "POLFINAL MISTRZOSTW POLSKI JUNIOROW 2019 - D13"]
[Site "Ustron"]
[Date "1899-12-30"]
[Round "6.1"]
[White "Oborska, Magda"]
[Black "Sidlo, Malgorzata"]
[Result "1-0"]
[WhiteTitle "I+"]
[BlackTitle "II+"]
[WhiteElo "1405"]
[BlackElo "1118"]

1. d4 d5 2. c4 e6 3. Nf3 c5 4. cxd5 exd5 5. Bg5 Be7 6. Bxe7 Nxe7 7. Nc3 c4 8. g3
O-O 9. Bg2 Nbc6 10. O-O Be6 11. e3 Bf5 12. Ne1 Nb4 13. Qf3 Qd7 14. h3 Bxh3 15.
Bxh3 Qxh3 16. a3 Nbc6 17. Nxd5 Nxd5 18. Qxd5 Rac8 19. Qxc4 Ne5 20. Qd5 Nc4 21.
Nd3 Rc6 22. Qg2 Qg4 23. b3 Nd2 24. f3 Qg5 25. f4 Qg4 26. Ne5 Qc8 27. Nxc6 bxc6
28. Qxd2 Qg4 29. Qf2 Re8 30. Qf3 Qe6 31. b4 Qb3 32. Rfe1 Re6 33. Qd1 Qb2 34. d5
Rh6 35. Re2 1-0

[Event "POLFINAL MISTRZOSTW POLSKI JUNIOROW 2019 - D13"]
[Site "Ustron"]
[Date "1899-12-30"]
[Round "6.2"]
[White "Bialek, Alicja"]
[Black "Egeman, Emilia"]
[Result "1/2-1/2"]
[WhiteTitle "I"]
[BlackTitle "II+"]
[WhiteElo "1391"]
[BlackElo "1177"]

1. e4 c5 2. Nf3 d6 3. Bb5+ Nd7 4. O-O a6 5. Bxd7+ Bxd7 6. d4 cxd4 7. Qxd4 e5 8.
Qd3 Rc8 9. c4 b5 10. Na3 bxc4 11. Nxc4 Bb5 12. b3 Qc7 13. Nfd2 Nf6 14. Ba3 Rd8
15. Rac1 d5 16. Qg3 dxc4 17. Nxc4 Bxc4 18. Rxc4 Qb8 19. Bxf8 Kxf8 20. Rfc1 Qd6
21. h3 a5 22. Rc6 Qd4 23. R6c4 Qd6 24. Rc6 Qe7 25. Rc7 Nd7 26. Qc3 Qe8 27. Qxa5
g6 28. a4 Kg7 29. Qc3 Nf6 30. f3 Rd7 31. Rxd7 Nxd7 32. b4 Qa8 33. a5 Qa7+ 34.
Kh2 Rb8 35. Rb1 Rb5 36. Qc6 Qb7 37. Qxb7 Rxb7 38. b5 Nb8 39. b6 Kf6 40. g4 h6
41. Kg3 g5 42. Rc1 Na6 43. Rc6+ Kg7 44. Rc8 Rb8 45. Rc6 Rb7 46. Kf2 Rd7 47. b7
Nb8 48. Rb6 f6 49. Ke3 Kf7 50. Kf2 Ke7 51. Ke2 Kf7 52. Kf2 Ke7 53. Kg3 Kf7 54.
h4 Kg7 55. h5 Kf7 56. Kf2 Kg7 57. Ke3 Kf7 58. Ke2 Kg7 59. a6 Nxa6 60. Rxa6 Rxb7
61. Kd3 Rb3+ 62. Kc4 Rxf3 63. Kd5 Rf4 64. Ke6 Rxg4 65. Ra7+ Kg8 66. Kxf6 Rxe4
67. Kg6 Rf4 68. Kxh6 g4 69. Re7 e4 70. Kg5 g3 71. h6 Rf8 72. Rxe4 g2 73. Rg4 Rf2
74. Kg6 Kh8 75. h7 Rf1 76. Rxg2 Rg1 77. Rxg1 1/2-1/2

[Event "POLFINAL MISTRZOSTW POLSKI JUNIOROW 2019 - D13"]
[Site "Ustron"]
[Date "1899-12-30"]
[Round "6.3"]
[White "Staniewicz, Adrianna"]
[Black "Kucharska, Helena"]
[Result "1/2-1/2"]
[WhiteTitle "WCM"]
[BlackTitle "I"]
[WhiteElo "1223"]
[BlackElo "1630"]

1. e4 e5 2. Nf3 Nc6 3. Bc4 Bc5 4. c3 Nf6 5. d3 d6 6. Nbd2 a6 7. Bb3 O-O 8. h3 h6
9. Nf1 Be6 10. Bc2 Ne7 11. d4 exd4 12. cxd4 Bb4+ 13. Bd2 Bxd2+ 14. N1xd2 Re8 15.
O-O c6 16. Re1 Ng6 17. Nf1 Qd7 18. h4 Bg4 19. g3 Rad8 20. N1h2 Bh5 21. Qd2 Ng4
22. Nxg4 Qxg4 23. Nh2 Qc8 24. Bd1 Bxd1 25. Raxd1 c5 26. dxc5 dxc5 27. Qc2 b5 28.
b3 Qc6 29. Rc1 Rc8 30. Nf3 Qb7 31. Qb1 Red8 32. Rc3 Qe7 33. Qc2 Rc7 34. Rc1 Rdc8
35. Kg2 Nf8 36. Kf1 Nd7 37. Qe2 Nb6 38. R3c2 c4 39. bxc4 Rxc4 40. Rxc4 Rxc4 41.
Rxc4 Nxc4 42. Qd3 Qc7 43. Kg2 Ne5 44. Nxe5 Qxe5 45. Qc2 Qe6 46. f3 Kf8 47. Qc5+
Ke8 48. Qc2 Kd7 49. g4 Qc6 50. Qd2+ Qd6 51. Qc2 b4 52. Qa4+ Ke7 53. Kh3 Qb6 54.
Kg2 a5 55. Qb3 Qb5 56. Qc2 Qb6 57. Qb2 f6 58. Qb3 Kf8 59. Qc2 Ke7 60. Qb3 Qb5
61. Qc2 Kd7 62. Qb3 a4 63. Qf7+ Kc8 64. Qf8+ Kb7 65. Qxg7+ Ka8 66. Qg8+ Ka7 67.
Qf7+ Ka8 68. Qf8+ 1/2-1/2

[Event "POLFINAL MISTRZOSTW POLSKI JUNIOROW 2019 - D13"]
[Site "Ustron"]
[Date "1899-12-30"]
[Round "6.4"]
[White "Nowak, Zuzanna"]
[Black "Mazurek, Maja"]
[Result "1/2-1/2"]
[WhiteTitle "I"]
[BlackTitle "I"]
[WhiteElo "1180"]
[BlackElo "1246"]

1. e4 c6 2. d4 d5 3. exd5 cxd5 4. c4 e6 5. Nc3 Nc6 6. Nf3 Nf6 7. Bg5 Bb4 8. Qb3
O-O 9. Bd3 Bxc3+ 10. Qxc3 h6 11. Bh4 Qe7 12. a3 dxc4 13. Bxc4 b6 14. O-O Bb7 15.
Rfe1 Qd8 16. Rad1 Nd5 17. Qd3 Qd7 18. Bb5 a6 19. Ba4 b5 20. Bc2 f5 21. Ne5 Nxe5
22. dxe5 g5 23. Bg3 Qf7 24. f3 Rac8 25. Bb1 Rc7 26. Rc1 Rfc8 27. Qd2 Qg7 28. Rcd1
Rc5 29. Bf2 Rc4 30. Bd3 R4c7 31. Bd4 Rd7 32. Qf2 Rcd8 33. Be2 Nf4 34. Bc3 Rxd1
35. Rxd1 Nd5 36. Qc5 Qf8 37. Qxf8+ Rxf8 38. Bd4 Rc8 39. Bd3 Kf7 40. Kf2 Nf4 41.
Bb1 Rd8 42. Bc2 Nd5 43. Bb3 Rc8 44. g3 h5 45. Be3 1/2-1/2

[Event "POLFINAL MISTRZOSTW POLSKI JUNIOROW 2019 - D13"]
[Site "Ustron"]
[Date "1899-12-30"]
[Round "6.5"]
[White "Walendykiewicz, Martyna"]
[Black "Pastuszko, Katarzyna"]
[Result "1/2-1/2"]
[WhiteTitle "I"]
[BlackTitle "I"]
[WhiteElo "1223"]
[BlackElo "1235"]

1. d4 d5 2. Nf3 e6 3. c4 Nf6 4. Nc3 Be7 5. Bg5 O-O 6. e3 b6 7. Bd3 Bb7 8. O-O Nbd7
9. Qc2 dxc4 10. Be2 c5 11. dxc5 Nxc5 12. Nd2 Qc7 13. Nxc4 Rfd8 14. Rad1 a6 15.
Nd2 Rd7 16. Bf3 Rad8 17. Bxb7 Qxb7 18. Nf3 b5 19. Rxd7 Rxd7 20. Rc1 h6 21. Bh4
b4 22. Ne2 b3 23. axb3 Qxb3 24. Qxb3 Nxb3 25. Rc8+ Kh7 26. h3 Rd1+ 27. Kh2 Bd6+
28. Bg3 Ne4 29. Bxd6 Rxd6 30. Ne5 Rd2 31. Nf4 g5 32. Nfd3 f6 33. Rc7+ Kg8 34.
Rc8+ Kg7 35. Rc7+ Kg8 36. Rc8+ Kg7 37. Rc7+ Kf8 38. Nd7+ Ke8 39. N3c5 Nbxc5 40.
Nxc5 Nxc5 41. Rxc5 Rxb2 42. Rc6 Kd7 43. Rxa6 Rxf2 44. Kg3 Rd2 45. Kf3 f5 46. Ra7+
Kd6 47. Rg7 Kc5 48. Rg6 e5 49. Rf6 e4+ 50. Kg3 Re2 51. Rxf5+ Kc4 52. Rf6 Rxe3+
53. Kf2 Ra3 54. Rd6 Ra2+ 55. Ke3 Rxg2 56. Kxe4 h5 57. Rc6+ Kb5 58. Rh6 h4 59.
Kf5 Kc4 60. Rh5 Kd4 61. Rxg5 Rg3 62. Rg4+ Rxg4 63. Kxg4 Ke4 64. Kxh4 Kf4 65. Kh5
Kf5 66. Kh6 Kf6 67. h4 Kf7 68. Kh7 Kf8 69. h5 Kf7 1/2-1/2

[Event "POLFINAL MISTRZOSTW POLSKI JUNIOROW 2019 - D13"]
[Site "Ustron"]
[Date "1899-12-30"]
[Round "6.6"]
[White "Sobieraj, Wiktoria"]
[Black "Lajdamik, Anna"]
[Result "0-1"]
[WhiteTitle "I"]
[BlackTitle "I"]
[WhiteElo "1194"]
[BlackElo "1356"]

1. e4 c6 2. d4 d5 3. e5 c5 4. Nc3 Nc6 5. Nf3 Bg4 6. Bb5 e6 7. Be3 c4 8. Bxc6+ bxc6
9. a3 Ne7 10. h3 Bh5 11. Bd2 h6 12. g4 Bg6 13. Nh4 Bh7 14. f4 c5 15. Be3 Nc6 16.
Nf3 cxd4 17. Nxd4 Nxd4 18. Bxd4 Rb8 19. Rb1 Qa5 20. Rf1 Bc5 21. Bxc5 Qxc5 22.
Qd2 O-O 23. Kd1 d4 24. Ne2 d3 25. cxd3 Bxd3 26. Rc1 Rfd8 27. Ke1 Bxe2 28. Qxe2
Qa5+ 29. Kf2 Rd2 30. Qxd2 Qxd2+ 31. Kg1 Rxb2 0-1

[Event "POLFINAL MISTRZOSTW POLSKI JUNIOROW 2019 - D13"]
[Site "Ustron"]
[Date "1899-12-30"]
[Round "6.7"]
[White "Baran, Dagmara"]
[Black "Labedz, Gabriela"]
[Result "1/2-1/2"]
[WhiteTitle "I"]
[BlackTitle "I"]
[WhiteElo "1259"]
[BlackElo "1226"]

1. e4 c5 2. Nf3 Nc6 3. Bb5 d6 4. Bxc6+ bxc6 5. d3 g6 6. O-O Bg7 7. Nc3 Nf6 8. Bg5
d5 9. Re1 O-O 10. Qd2 Bb7 11. Rab1 Re8 12. Bh6 Qa5 13. Bxg7 Kxg7 14. a3 d4 15.
Ne2 Qxd2 16. Nxd2 e5 17. h3 Nd7 18. Ng3 Ba6 19. Rf1 Nb6 20. b3 f6 21. f4 Rf8 22.
fxe5 fxe5 23. Rxf8 Rxf8 24. Rf1 Rxf1+ 25. Kxf1 Kf6 26. h4 Nc8 27. Kf2 Nd6 28.
a4 Nf7 29. Nf3 Bc8 30. Nh2 Nh6 31. Kf3 Nf7 32. Kf2 h5 33. Nf3 Be6 34. Nf1 g5 35.
g3 g4 36. N3d2 Nd6 37. Nc4 Bxc4 38. bxc4 Nc8 39. a5 Ke6 40. Nd2 Kd6 41. Nb3 a6
1/2-1/2

[Event "POLFINAL MISTRZOSTW POLSKI JUNIOROW 2019 - D13"]
[Site "Ustron"]
[Date "1899-12-30"]
[Round "6.8"]
[White "Para, Aleksandra"]
[Black "Rojek, Paulina"]
[Result "1-0"]
[WhiteTitle "II+"]
[BlackTitle "I"]
[WhiteElo "1186"]
[BlackElo "1092"]

1. e4 c5 2. Nf3 Nc6 3. d4 cxd4 4. Nxd4 Nf6 5. Nc3 d6 6. Bg5 e6 7. Qd2 Be7 8. O-O-O
a6 9. f3 Qc7 10. h4 b5 11. Nxc6 Qxc6 12. g4 Bb7 13. Kb1 b4 14. Ne2 e5 15. Ng3
a5 16. Nf5 b3 17. Bd3 bxa2+ 18. Kxa2 a4 19. Nxg7+ Kf8 20. Nf5 a3 21. b3 Rc8 22.
Bxf6 Bxf6 23. Qh6+ Ke8 24. Qxf6 Rc7 25. Qxh8+ Kd7 26. Bb5 Qxb5 27. Rxd6# 1-0

[Event "POLFINAL MISTRZOSTW POLSKI JUNIOROW 2019 - D13"]
[Site "Ustron"]
[Date "1899-12-30"]
[Round "6.9"]
[White "Pieczewska, Jadwiga"]
[Black "Dallemura, Anna"]
[Result "0-1"]
[WhiteTitle "II"]
[BlackTitle "I"]
[WhiteElo "1073"]
[BlackElo "1328"]

1. c4 e5 2. Nc3 Nf6 3. g3 Bc5 4. Bg2 Nc6 5. Nf3 d6 6. O-O Be6 7. b3 h6 8. Bb2 Qd7
9. e3 Bg4 10. Qc2 h5 11. Ne2 e4 12. Nfd4 Nb4 13. Qc1 h4 14. a3 Nd3 15. Qc2 hxg3
16. fxg3 Bh3 17. Nf4 Nxf4 18. Rxf4 Bxg2 19. Nf5 Nh5 20. Rf2 Bf3 21. g4 O-O-O 22.
h3 Nf6 23. Rh2 Rh7 24. Kf2 Nxg4+ 25. hxg4 Rxh2+ 26. Kg1 Rh1+ 27. Kf2 Rxa1 28.
Bxa1 Bxg4 29. Nxg7 Bf3 30. d4 Qh3 31. Ke1 Qh1+ 32. Kd2 Qxa1 33. Nf5 Qf1 34. dxc5
dxc5+ 35. Kc3 Qe1+ 36. Kb2 Rd2 37. Qxd2 Qxd2+ 38. Kb1 Bd1 39. Ne7+ Kd7 40. Nd5
Bxb3 41. Nb4 cxb4 42. axb4 Qc2+ 43. Ka1 Qa2# 0-1

[Event "POLFINAL MISTRZOSTW POLSKI JUNIOROW 2019 - D13"]
[Site "Ustron"]
[Date "1899-12-30"]
[Round "6.10"]
[White "Pietrzak, Emilia"]
[Black "Wiszniewska, Gabriela"]
[Result "1-0"]
[WhiteTitle "I"]
[BlackTitle "I"]
[WhiteElo "1224"]
[BlackElo "1061"]

1. e4 e5 2. Nf3 Nc6 3. Bc4 Nf6 4. Ng5 d5 5. exd5 Nxd5 6. Nxf7 Kxf7 7. Qf3+ Ke6
8. Nc3 Nce7 9. d4 c6 10. Qe4 Kf7 11. dxe5 Be6 12. O-O Ke8 13. Bg5 Nxc3 14. bxc3
Bxc4 15. Qxc4 Qd5 16. Qe2 h6 17. Bh4 Nf5 18. Rad1 Qe6 19. Bg3 Nxg3 20. hxg3 Bc5
21. Kh1 Ke7 22. f4 Rhf8 23. g4 Rad8 24. f5 Qxa2 25. f6+ gxf6 26. exf6+ Kf7 27.
Qe4 Rxd1 28. Qh7+ Ke6 29. Qf5+ Kf7 30. Rxd1 b6 31. Rd7+ Ke8 32. Rd1 Rg8 33. Qe5+
Kf7 34. Rd7+ Kf8 35. Qb8# 1-0

[Event "POLFINAL MISTRZOSTW POLSKI JUNIOROW 2019 - D13"]
[Site "Ustron"]
[Date "1899-12-30"]
[Round "7.1"]
[White "Kucharska, Helena"]
[Black "Oborska, Magda"]
[Result "0-1"]
[WhiteTitle "I"]
[BlackTitle "I+"]
[WhiteElo "1630"]
[BlackElo "1405"]

1. e4 e5 2. Nc3 Nc6 3. g3 g6 4. Bg2 Bg7 5. Nge2 Nge7 6. d3 d6 7. O-O O-O 8. Be3
f5 9. exf5 Bxf5 10. Qd2 Qd7 11. Bh6 Bh3 12. Bxg7 Bxg2 13. Bxf8 Bxf1 14. Bh6 Bxe2
15. Nxe2 Qh3 16. Be3 Nf5 17. c3 Qg4 18. Kf1 Rf8 19. Ng1 Qh5 20. Kg2 Nce7 21. Qe1
Nd5 22. Bd2 Qg4 23. h3 Qa4 24. Nf3 Re8 25. c4 e4 26. Ng5 exd3 27. cxd5 Rxe1 28.
Rxe1 h6 29. Ne4 Qxa2 30. g4 Nh4+ 31. Kg3 g5 32. Nf6+ Kf7 33. Bc3 d2 34. Rd1 Qa4
35. Ne4 Qxe4 36. Bxd2 Qg2# 0-1

[Event "POLFINAL MISTRZOSTW POLSKI JUNIOROW 2019 - D13"]
[Site "Ustron"]
[Date "1899-12-30"]
[Round "7.2"]
[White "Lajdamik, Anna"]
[Black "Bialek, Alicja"]
[Result "0-1"]
[WhiteTitle "I"]
[BlackTitle "I"]
[WhiteElo "1356"]
[BlackElo "1391"]

1. e4 e5 2. d4 exd4 3. c3 d5 4. exd5 Qxd5 5. cxd4 Nc6 6. Nf3 Bg4 7. Be2 Bb4+ 8.
Nc3 Bxf3 9. Bxf3 Qc4 10. Be2 Bxc3+ 11. bxc3 Qxc3+ 12. Bd2 Qxd4 13. Qc1 Nf6 14.
O-O O-O 15. Be3 Qe5 16. f4 Qe6 17. f5 Qe5 18. Bf3 Nd5 19. Bc5 Rfe8 20. Rb1 Nc3
21. Bf2 Nxb1 22. Qxb1 Na5 23. Re1 Qd6 24. Rd1 Qa6 25. Qc2 c6 26. f6 Rad8 27. Rxd8
Rxd8 28. Be4 g6 29. h4 Qc4 30. Qb1 b6 31. h5 Qe2 32. Qb4 Rd1+ 0-1

[Event "POLFINAL MISTRZOSTW POLSKI JUNIOROW 2019 - D13"]
[Site "Ustron"]
[Date "1899-12-30"]
[Round "7.3"]
[White "Egeman, Emilia"]
[Black "Walendykiewicz, Martyna"]
[Result "1-0"]
[WhiteTitle "II+"]
[BlackTitle "I"]
[WhiteElo "1177"]
[BlackElo "1223"]

1. e4 e5 2. Bc4 Nf6 3. d3 d6 4. Nf3 Bg4 5. O-O Nc6 6. c3 Be7 7. Nbd2 O-O 8. Re1
a6 9. Bb3 Rb8 10. Nf1 Na5 11. Bc2 Qd7 12. h3 Bh5 13. Ng3 Bg6 14. Nh4 Ne8 15. Nxg6
fxg6 16. d4 Rd8 17. Qd3 c5 18. d5 b5 19. Bd1 Nf6 20. Ne2 Nh5 21. b3 Bh4 22. Rf1
Nf4 23. Nxf4 exf4 24. Bg4 Qe7 25. Be6+ Kh8 26. Bb2 Bf6 27. Rab1 Be5 28. c4 Bxb2
29. Rxb2 b4 30. Re1 Qg5 31. Qf3 Qe5 32. Rbe2 Rf6 33. Qg4 Rdf8 34. Qf3 Nb7 35.
h4 Nd8 36. Bg4 Nf7 37. Qd3 Nh6 38. Bf3 R6f7 39. Qc2 Qf6 40. e5 dxe5 41. Rxe5 Qxh4
42. d6 Qd8 43. Rd1 Rd7 44. Rxc5 Rxd6 45. Rxd6 Qxd6 46. Rd5 Qf6 47. Rd1 Nf5 48.
Qd2 Nh4 49. Qxb4 Nxf3+ 50. gxf3 Qg5+ 51. Kf1 Qf5 52. Qe7 h5 53. Rd8 Rxd8 54. Qxd8+
Kh7 55. Qd5 Qb1+ 56. Kg2 Qxa2 57. c5 Qa5 58. Qd6 h4 59. c6 Qg5+ 60. Kh2 h3 61.
Kxh3 Qf5+ 62. Kg2 Qg5+ 63. Kf1 Qb5+ 64. Ke1 Qa5+ 65. Kd1 Qa1+ 66. Kc2 Qa2+ 67.
Kc3 Qa1+ 68. Kc4 Qc1+ 69. Kd5 Qd1+ 70. Kc5 Qxb3 71. c7 Qb5+ 72. Kd4 Qb2+ 73. Kd5
Qd2+ 74. Ke6 Qe2+ 75. Kd7 Qb5+ 76. Kd8 Qg5+ 77. Ke8 Qb5+ 78. Kd8 Qg5+ 79. Qe7
Qd5+ 80. Ke8 Qg8+ 81. Kd7 Qd5+ 82. Qd6 Qb5+ 83. Qc6 Qd3+ 84. Kc8 a5 85. Kb8 Qb3+
86. Qb7 1-0

[Event "POLFINAL MISTRZOSTW POLSKI JUNIOROW 2019 - D13"]
[Site "Ustron"]
[Date "1899-12-30"]
[Round "7.4"]
[White "Pastuszko, Katarzyna"]
[Black "Nowak, Zuzanna"]
[Result "1/2-1/2"]
[WhiteTitle "I"]
[BlackTitle "I"]
[WhiteElo "1235"]
[BlackElo "1180"]

1. e4 e5 2. Nf3 Nc6 3. Bc4 Nf6 4. d3 Bc5 5. c3 d6 6. O-O O-O 7. a4 a6 8. b4 Ba7
9. Bb3 Be6 10. Bc2 Ne7 11. Nbd2 Ng6 12. d4 c6 13. a5 h6 14. Re1 Qd7 15. Nf1 Bg4
16. h3 Bxf3 17. Qxf3 exd4 18. Bxh6 Qe6 19. Bd2 Ne5 20. Qd1 Nfd7 21. Kh1 dxc3 22.
Be3 Bxe3 23. Rxe3 Nf6 24. Rxc3 Ng6 25. Ng3 Rad8 26. Qf3 d5 27. exd5 Nxd5 28. Bb3
Qe5 29. Bxd5 Qxd5 30. Qxd5 Rxd5 31. Rc5 Rd4 32. Rb1 Ne7 33. Rg5 g6 34. Ne2 Rc4
35. Kh2 Nd5 36. Rg4 Rc2 37. Re4 Kg7 38. Kg3 f5 39. Re6 Kf7 40. Rd1 Nxb4 41. Rdd6
Nd5 42. Nd4 Rc3+ 43. Kh2 Re8 44. Rd7+ Re7 45. Rexe7+ Nxe7 46. Rxb7 Rc4 47. Nb3
1/2-1/2

[Event "POLFINAL MISTRZOSTW POLSKI JUNIOROW 2019 - D13"]
[Site "Ustron"]
[Date "1899-12-30"]
[Round "7.5"]
[White "Sidlo, Malgorzata"]
[Black "Staniewicz, Adrianna"]
[Result "0-1"]
[WhiteTitle "II+"]
[BlackTitle "WCM"]
[WhiteElo "1118"]
[BlackElo "1223"]

1. e4 c5 2. Nf3 e6 3. d4 cxd4 4. c3 dxc3 5. Nxc3 a6 6. Bc4 Bb4 7. Bd2 b5 8. Bb3
Bb7 9. Bc2 Nc6 10. O-O Qc7 11. a3 Bc5 12. Ne2 Nf6 13. Bc3 e5 14. Rc1 O-O 15. b4
Bb6 16. Bb1 Qb8 17. Ng3 Re8 18. Re1 Qa7 19. Rf1 Rad8 20. Ba2 h6 21. Qb3 d5 22.
exd5 Nxd5 23. Ba1 Ba8 24. Rce1 Nd4 25. Nxd4 Bxd4 26. Bxd4 Qxd4 27. Rd1 Qa7 28.
Kh1 Nf4 29. f3 Bd5 30. Qb2 Bxa2 31. Qxa2 Rxd1 32. Rxd1 Qc7 33. Nf5 Rd8 34. Rf1
Qd7 35. Ng3 Qd2 36. Qxd2 Rxd2 37. Rg1 Ra2 38. Ne4 Rxa3 39. g3 Ne6 40. Rc1 Rxf3
41. Kg2 Rb3 42. Rc8+ Kh7 43. Nd6 Kg6 44. Ra8 Rxb4 45. Rxa6 Rb2+ 46. Kh3 Ng5+ 47.
Kg4 h5+ 48. Kh4 Rxh2# 0-1

[Event "POLFINAL MISTRZOSTW POLSKI JUNIOROW 2019 - D13"]
[Site "Ustron"]
[Date "1899-12-30"]
[Round "7.6"]
[White "Mazurek, Maja"]
[Black "Baran, Dagmara"]
[Result "1-0"]
[WhiteTitle "I"]
[BlackTitle "I"]
[WhiteElo "1246"]
[BlackElo "1259"]

1. d4 Nf6 2. c4 e6 3. Nc3 Bb4 4. Qc2 b6 5. Bg5 d6 6. Qa4+ Nbd7 7. Qxb4 Bb7 8. f3
h6 9. Bh4 Qc8 10. Qb3 g5 11. Bf2 Nf8 12. e3 Ng6 13. Bd3 Rg8 14. O-O-O Qd7 15.
c5 Ke7 16. cxd6+ cxd6 17. Nge2 Rac8 18. Kb1 Kf8 19. Qb4 Ne8 20. Bg3 Ke7 21. Rhe1
h5 22. Bb5 Bc6 23. Rc1 h4 24. Bxc6 Rxc6 25. Bf2 f6 26. Qb5 Nc7 27. Qb3 Ne8 28.
Rc2 Ng7 29. Rec1 a6 30. Nd5+ exd5 31. Rxc6 Qe6 32. Rc7+ Kf8 33. Qxb6 Ne7 34. Qxa6
Kf7 35. Qb7 Re8 36. a4 Ngf5 37. R1c3 Kf8 38. a5 Qf7 39. a6 Ng7 40. a7 Ne6 41.
Rxe7 Qxe7 42. a8=Q Rxa8 43. Qxa8+ Kf7 44. Qxd5 Kg7 45. Rb3 Kf8 46. Rb7 1-0

[Event "POLFINAL MISTRZOSTW POLSKI JUNIOROW 2019 - D13"]
[Site "Ustron"]
[Date "1899-12-30"]
[Round "7.7"]
[White "Labedz, Gabriela"]
[Black "Para, Aleksandra"]
[Result "0-1"]
[WhiteTitle "I"]
[BlackTitle "II+"]
[WhiteElo "1226"]
[BlackElo "1186"]

1. e4 c5 2. Nf3 d6 3. d4 cxd4 4. Nxd4 Nf6 5. Nc3 a6 6. Bg5 e6 7. f4 h6 8. Bh4 Qb6
9. a3 Nbd7 10. Bf2 Qc7 11. Qf3 b5 12. O-O-O Bb7 13. Bd3 Nc5 14. Kb1 Rc8 15. g4
Nxd3 16. cxd3 d5 17. e5 Nd7 18. Rc1 Qd8 19. h4 Bc5 20. g5 Bxd4 21. Bxd4 Nc5 22.
Bxc5 Rxc5 23. gxh6 Rxh6 24. h5 Qc8 25. Qg3 Rh7 26. Ne2 Rxc1+ 27. Rxc1 Qd8 28.
Nd4 Qb6 29. Qg1 Kd7 30. Nf3 Qxg1 31. Rxg1 Ke7 32. d4 Ba8 33. Rh1 Rh6 34. Rh4 Bc6
35. Rg4 Rxh5 36. Rxg7 Rh1+ 37. Kc2 Rf1 38. Nh4 Kf8 39. Rg4 Rf2+ 40. Kc3 a5 41.
b4 a4 42. Rg2 Rxf4 43. Rh2 Rg4 44. Ng2 Rg3+ 45. Kb2 Rb3+ 46. Ka2 Rd3 47. Nf4 Rxd4
48. Rf2 Ke7 49. Rc2 Bd7 50. Rf2 Re4 51. Nd3 Be8 52. Rc2 Rc4 53. Re2 d4 54. Nc5
Rc3 55. Rd2 Re3 56. Nd3 Bd7 57. Kb2 Bc6 58. Nc5 Rxe5 59. Rxd4 Rd5 60. Rf4 Re5
61. Rf2 Bd5 62. Nd3 Re3 63. Nc5 Bc4 64. Kc1 Rxa3 65. Rd2 Ra1+ 66. Kb2 Ra2+ 67.
Kc1 Rxd2 68. Kxd2 f5 0-1

[Event "POLFINAL MISTRZOSTW POLSKI JUNIOROW 2019 - D13"]
[Site "Ustron"]
[Date "1899-12-30"]
[Round "7.8"]
[White "Dallemura, Anna"]
[Black "Pietrzak, Emilia"]
[Result "1/2-1/2"]
[WhiteTitle "I"]
[BlackTitle "I"]
[WhiteElo "1328"]
[BlackElo "1224"]

1. e4 c5 2. Nf3 e6 3. d4 cxd4 4. Nxd4 Nf6 5. Nc3 Nc6 6. Be2 d6 7. Be3 Be7 8. O-O
O-O 9. f4 Qc7 10. Kh1 Nxd4 11. Bxd4 e5 12. Be3 b6 13. Nd5 Nxd5 14. exd5 Bf6 15.
fxe5 Bxe5 16. Rb1 Re8 17. Bf4 Bb7 18. c4 Ba6 19. b3 Re7 20. Bxe5 Rxe5 21. a4 Rae8
22. Bd3 Qe7 23. Qd2 Bc8 24. h3 Re3 25. Bf5 Bxf5 26. Rxf5 Rxh3+ 27. gxh3 Qe4+ 28.
Kh2 Qxb1 29. Rf3 Qe4 30. Qf2 f6 31. Rg3 Qe2 32. Qxe2 Rxe2+ 33. Kg1 a5 34. Kf1
Re5 35. b4 Re4 36. bxa5 bxa5 37. Rc3 Rd4 38. Ke2 1/2-1/2

[Event "POLFINAL MISTRZOSTW POLSKI JUNIOROW 2019 - D13"]
[Site "Ustron"]
[Date "1899-12-30"]
[Round "7.9"]
[White "Kokot, Agnieszka"]
[Black "Sobieraj, Wiktoria"]
[Result "1/2-1/2"]
[WhiteTitle "II+"]
[BlackTitle "I"]
[WhiteElo "1177"]
[BlackElo "1194"]

1. d4 f5 2. e4 d6 3. Nc3 Nf6 4. Bd3 fxe4 5. Nxe4 Nxe4 6. Bxe4 g6 7. Qf3 c6 8. Bg5
d5 9. Bd3 Bg7 10. c3 Rf8 11. Qg3 Bf5 12. Be2 Nd7 13. Nf3 Nf6 14. Bxf6 exf6 15.
O-O Qd7 16. Rfe1 O-O-O 17. a4 g5 18. Nd2 Rh8 19. b4 h5 20. f3 h4 21. Qf2 Bf8 22.
Ra2 Bd6 23. Nf1 Qc7 24. Rea1 Rhe8 25. b5 c5 26. a5 cxd4 27. cxd4 Qd7 28. b6 a6
29. Rb2 Kb8 30. Rc1 Rc8 31. Rxc8+ Rxc8 32. Qe3 Bf4 33. Qb3 Qc6 34. Qd1 Bc1 35.
Ra2 Bf4 36. Bd3 Bxd3 37. Qxd3 Qc1 38. Qe2 Rc3 39. Qe8+ Rc8 40. Qe2 Rc3 41. Qe8+
Rc8 42. Qe2 Rc3 1/2-1/2